| 000 | 00413nam a22001337a 4500 | ||
|---|---|---|---|
| 003 | SGT | ||
| 082 |
_a617.643 _bA13C |
||
| 100 | _aKUNTAL, CHAUDHARY | ||
| 245 | _aA CEPHALOMETRIC EVALUATION OF SKELETAL AND DENTAL CHANGES IN CLASS II DIVISION 1 MALOCCLUSION WITH FIXED TWIN BLOCK APPLIANCE | ||
| 260 |
_aDELHI NCR _bSGT UNIVERSITY GURUGRAM _c2013 |
||
| 300 | _a1-78 | ||
| 650 | _aORTHODONTICS | ||
| 942 |
_2ddc _cTH |
||
| 999 |
_c17436 _d17436 |
||